駅名に「立」を含む駅 - Statistics

General Stats
  • This quiz has been taken 144 times
  • The average score is 19 of 59
Answer Stats
Hint Answer % Correct
立川市 立川
98%
立川市 西立川
85%
国立市 国立
84%
立川市 立川南
80%
日立市 日立
79%
立川市 立川北
79%
立山町 立山
78%
知立市 知立
77%
立川市 西武立川
64%
新見市 足立
61%
土浦市 神立
58%
立川市 西国立
53%
横須賀市 県立大学
51%
基山町 立野
48%
南阿蘇村 立野
48%
立川市 立飛
43%
杵築市 立石
43%
目黒区 都立大学
42%
知立市 三河知立
40%
新宿区 国立競技場
39%
足立区 足立小台
38%
品川区 立会川
36%
葛飾区 京成立石
36%
宮津市 天橋立
36%
尼崎市 立花
34%
横浜市 立場
33%
中野区 都立家政
32%
京丹波町 立木
32%
相馬市 日立木
29%
北上市 立川目
25%
静岡市 県立美術館前
24%
鹿児島市 市立病院前
24%
那覇市 市立病院前
24%
南国市 立田
20%
南木曽町 田立
18%
内子町 伊予立川
18%
男鹿市 羽立
17%
上越市 名立
16%
安芸高田市 甲立
15%
京都市 等持院・立命館大学衣笠キャンパス前
14%
松山市 いよ立花
13%
市原市 馬立
12%
黒部市 下立
11%
北秋田市 比立内
10%
長野市 立ケ花
10%
広島市 立町
10%
宇和島市 立間
10%
最上町 立小路
9%
黒部市 下立口
9%
三次市 上川立
9%
鳴門市 立道
9%
芦北町 たのうら御立岬公園
9%
小松島市 立江
7%
熊本市 市立体育館前
7%
熊本市 県立体育館前
7%
大阪市 安立町
5%
高知市 県立美術館通
4%
田川市 田川市立病院
4%
多良木町 公立病院前
3%
No matching quizzes found
Score Distribution
Percent of People with Each Score
Percentile by Number Answered
Your Score History
You have not taken this quiz